[Event "Obninsk"]
[Site "Obninsk"]
[Date "2012.??.??"]
[Round "9"]
[White "Kushnerev, Oleg"]
[Black "Bilan, Danila"]
[Result "1/2-1/2"]
[WhiteElo "1898"]
[BlackElo "1894"]
[PlyCount "63"]
[EventDate "2012.01.11"]
[EventType "tourn"]
[EventRounds "11"]
[EventCountry "RUS"]
[SourceTitle "EXT 2014"]
[Source "ChessBase"]
[SourceDate "2013.11.20"]
[SourceVersion "1"]
[SourceVersionDate "2013.11.20"]
[SourceQuality "1"]

1. d4 Nf6 2. Nf3 e6 3. g3 c5 4. c3 Nc6 5. Bg2 cxd4 6. cxd4 d5 7. Nc3 Be7 8. 0-0 0-0 9. Bf4 Qb6 10. b3 Bd7 11. Rc1 Rfc8 12. Na4 Qa5 13. Bd2 Qb5 14. Nc5 Bxc5 15. Rxc5 Qb6 16. Be3 Ne4 17. Rc1 Qa6 18. a4 b5 19. Ne5 Nxe5 20. Rxc8+ Rxc8 21. Bxe4 Ng4 22. Bd3 Nxe3 23. fxe3 Qb6 24. Qb1 g6 25. axb5 Bxb5 26. Bxb5 Qxb5 27. Qa2 a6 28. Kf2 Rb8 29. Rc1 Qxb3 30. Qxa6 Qb7 31. Qxb7 Rxb7 32. Kf3 1/2-1/2

[Event "Shepsi Rating"]
[Site "Shepsi"]
[Date "2010.08.19"]
[Round "6"]
[White "Khlichkova, Tatiana"]
[Black "Kushnerev, Oleg"]
[Result "1/2-1/2"]
[WhiteElo "2062"]
[BlackElo "1818"]
[PlyCount "86"]
[EventDate "2010.08.16"]
[EventType "tourn"]
[EventRounds "14"]
[EventCountry "RUS"]
[SourceTitle "EXT 2022"]
[Source "ChessBase"]
[SourceDate "2021.10.06"]
[SourceVersion "1"]
[SourceVersionDate "2021.10.06"]
[SourceQuality "1"]

1. d4 d5 2. Nc3 Bf5 3. Nf3 e6 4. a3 Nf6 5. Bg5 Be7 6. e3 0-0 7. Ne5 c5 8. Bd3 Bxd3 9. Qxd3 Nc6 10. 0-0 cxd4 11. exd4 Qc7 12. f4 Nxd4 13. Bxf6 gxf6 14. Ng4 Nf5 15. Nxd5 Qc5+ 16. Nde3 Rfd8 17. Qe2 Rac8 18. Kh1 Nxe3 19. Nxe3 f5 20. b4 Qc7 21. Rf3 Bf6 22. Raf1 Rd4 23. Qf2 Rcd8 24. Qg3+ Kf8 25. Qh3 Ke7 26. c3 Rd2 27. c4 R2d4 28. Qg3 Qd7 29. Qe1 Re4 30. Qc1 Bd4 31. h3 Bxe3 32. Rxe3 Rxe3 33. Qxe3 Qd4 34. Qc1 Qd2 35. Qxd2 Rxd2 36. Rf3 b6 37. Rc3 Kd6 38. Kg1 f6 39. c5+ bxc5 40. Rxc5 Rd5 41. Rc8 Rb5 42. Rd8+ Kc6 43. Kf2 a5 1/2-1/2

[Event "Shepsi Rating"]
[Site "Shepsi"]
[Date "2010.08.18"]
[Round "5"]
[White "Davydiants, Eduard"]
[Black "Kushnerev, Oleg"]
[Result "1-0"]
[WhiteElo "2223"]
[BlackElo "1818"]
[PlyCount "61"]
[EventDate "2010.08.16"]
[EventType "tourn"]
[EventRounds "14"]
[EventCountry "RUS"]
[SourceTitle "EXT 2022"]
[Source "ChessBase"]
[SourceDate "2021.10.06"]
[SourceVersion "1"]
[SourceVersionDate "2021.10.06"]
[SourceQuality "1"]

1. e4 c6 2. d4 d5 3. exd5 cxd5 4. c4 Nf6 5. Nc3 Nc6 6. c5 Bf5 7. Nf3 e6 8. Be2 Be7 9. 0-0 0-0 10. Nh4 Bg6 11. Nxg6 hxg6 12. Bf4 b6 13. Bb5 Qc8 14. Qa4 Na5 15. b4 Nc4 16. Bc6 Nh5 17. Bxa8 Qxa8 18. Be3 Rd8 19. Qb3 a5 20. a3 Nf6 21. Rad1 bxc5 22. dxc5 Ng4 23. Bf4 Bf6 24. h3 Nge5 25. b5 Nd7 26. Na4 Be7 27. c6 Nc5 28. Nxc5 Bxc5 29. a4 Qa7 30. Qxc4 dxc4 31. Rxd8+ 1-0

[Event "Shepsi Rating"]
[Site "Shepsi"]
[Date "2010.08.16"]
[Round "2"]
[White "Kushnerev, Oleg"]
[Black "Bilan, Danila"]
[Result "1-0"]
[WhiteElo "1818"]
[BlackElo "1732"]
[PlyCount "77"]
[EventDate "2010.08.16"]
[EventType "tourn"]
[EventRounds "14"]
[EventCountry "RUS"]
[SourceTitle "EXT 2022"]
[Source "ChessBase"]
[SourceDate "2021.10.06"]
[SourceVersion "1"]
[SourceVersionDate "2021.10.06"]
[SourceQuality "1"]

1. d4 d5 2. Nf3 Nf6 3. c4 e6 4. Nc3 c6 5. Bg5 Nbd7 6. cxd5 exd5 7. e3 Be7 8. Bd3 0-0 9. 0-0 Re8 10. Qc2 Nf8 11. Bxf6 Bxf6 12. b4 Bg4 13. Nd2 Rc8 14. Bf5 Bxf5 15. Qxf5 a6 16. a4 g6 17. Qf3 b5 18. axb5 axb5 19. Nb3 Nd7 20. Ra6 Be7 21. Nc5 Nxc5 22. bxc5 Qd7 23. Rfa1 Rb8 24. Ra7 Rb7 25. R7a5 f5 26. Qe2 Bf6 27. Qa2 Bg7 28. Ne2 Reb8 29. g3 g5 30. Ra7 h6 31. Rxb7 Rxb7 32. Qa8+ Kh7 33. Ra6 Qc7 34. Nc1 b4 35. Nb3 Bf6 36. Na5 Rb8 37. Qxc6 Qxc6 38. Nxc6 Rc8 39. Nxb4 1-0